| 000 | 00301nam a22001217a 4500 | ||
|---|---|---|---|
| 082 |
_a956.7 _bFRA |
||
| 100 |
_aFraser, David _949847 |
||
| 245 |
_aThe shrt cut to India _c David,Fraser, |
||
| 300 | _aviii,381p,: | ||
| 526 |
_a0 _b0 _c0 _d956_700000000000000_FRA |
||
| 650 |
_aMCE _9379 |
||
| 942 |
_2ddc _cBK |
||
| 999 |
_c553071 _d553071 |
||